[Event "Beautiful Minds"]
[Site "Munich GER"]
[Date "2016.11.26"]
[EventDate "2016.11.26"]
[Round "2.3"]
[Result "0-1"]
[White "Stefan Bromberger"]
[Black "Anna Muzychuk"]
[WhiteElo "2535"]
[BlackElo "2561"]
[PlyCount "58"]

1. d4 d5 2. c4 c6 3. Nf3 Nf6 4. Nc3 e6 5. Bg5 h6 6. Bxf6 Qxf6
7. e3 g6 8. e4 dxe4 9. Nxe4 Bb4+ 10. Ke2 Qg7 11. c5 O-O
12. Qa4 Na6 13. Rc1 e5 14. Kd1 Bf5 15. Nd6 e4 16. Bxa6 exf3
17. Qxb4 fxg2 18. Rg1 bxa6 19. Rxg2 Be6 20. b3 Qf6 21. Kc2 Bd5
22. Rg3 Qxf2+ 23. Qd2 Qxd2+ 24. Kxd2 a5 25. a4 Rab8 26. Nc4
Rb4 27. Kc3 Rfb8 28. Nxa5 h5 29. h4 Rxb3+ 0-1

[Event "Beautiful Minds"]
[Site "Munich GER"]
[Date "2016.11.26"]
[EventDate "2016.11.26"]
[Round "3.4"]
[Result "1/2-1/2"]
[White "Anna Muzychuk"]
[Black "Mariya Muzychuk"]
[WhiteElo "2561"]
[BlackElo "2532"]
[PlyCount "42"]

1. e4 e5 2. Nf3 Nc6 3. Bb5 Nf6 4. O-O Nxe4 5. d4 Nd6 6. Bxc6
dxc6 7. dxe5 Nf5 8. Qxd8+ Kxd8 9. Rd1+ Ke8 10. Nc3 Ne7 11. h3
Ng6 12. b3 Be7 13. Bb2 Bf5 14. Nd4 Bd7 15. Re1 Rd8 16. e6 Bc8
17. Nf5 Bf6 18. Na4 Bxb2 19. Nxb2 Rg8 20. exf7+ Kxf7 21. Ng3
Rge8 1/2-1/2

[Event "Beautiful Minds"]
[Site "Munich GER"]
[Date "2016.11.26"]
[EventDate "2016.11.26"]
[Round "4.4"]
[Result "0-1"]
[White "Dorsa Derakhshani"]
[Black "Anna Muzychuk"]
[WhiteElo "2370"]
[BlackElo "2561"]
[PlyCount "62"]

1. e4 c5 2. Nf3 Nc6 3. d4 cxd4 4. Nxd4 Nf6 5. Nc3 e5 6. Ndb5
d6 7. Bg5 a6 8. Na3 b5 9. Nd5 Be7 10. Bxf6 Bxf6 11. c4 Nd4
12. cxb5 Be6 13. bxa6 Bxd5 14. exd5 Qa5+ 15. Qd2 Rxa6 16. Bxa6
Qxa6 17. h4 O-O 18. Nc2 Rc8 19. Nxd4 exd4 20. a4 Qc4 21. f3
Re8+ 22. Kf2 d3 23. Rae1 Bd4+ 24. Kg3 Ra8 25. Rd1 Rxa4 26. Rc1
Be5+ 27. Kf2 Qd4+ 28. Kf1 h6 29. Rd1 Rc4 30. Rh3 Rc2 31. Qe1
Re2 0-1

[Event "Beautiful Minds"]
[Site "Munich GER"]
[Date "2016.11.26"]
[EventDate "2016.11.26"]
[Round "6.5"]
[Result "1/2-1/2"]
[White "Markus Ragger"]
[Black "Anna Muzychuk"]
[WhiteElo "2694"]
[BlackElo "2561"]
[PlyCount "132"]

1. d4 Nf6 2. c4 g6 3. Nc3 d5 4. cxd5 Nxd5 5. Bd2 Bg7 6. e4
Nxc3 7. Bxc3 O-O 8. Qd2 Nd7 9. Nf3 b6 10. Bd3 e6 11. h4 c5
12. h5 cxd4 13. Nxd4 Nc5 14. Bc2 e5 15. Nc6 Qxd2+ 16. Bxd2 Re8
17. Bg5 Bb7 18. Ne7+ Kf8 19. Nd5 Ne6 20. Be3 Rac8 21. Ba4 Red8
22. Bb3 Nf4 23. Nxf4 exf4 24. Bxf4 Bxb2 25. Rd1 Bxe4 26. hxg6
Rxd1+ 27. Kxd1 Bxg6 28. Ke2 Rd8 29. Be3 Rd7 30. g4 b5 31. f4
Be4 32. Rh5 Bd3+ 33. Kf2 Bc4 34. Rxh7 Bxb3 35. axb3 a5 36. Rh5
Rb7 37. Rd5 Kg7 38. Rd2 Bc1 39. Rd5 Bxe3+ 40. Kxe3 a4 41. bxa4
bxa4 42. Ra5 Rb4 43. g5 Rc4 44. Kf3 Rb4 45. Kg4 Rc4 46. Kf5
Rb4 47. Ke5 Rc4 48. f5 Rb4 49. Ra7 Rb5+ 50. Kf4 Rb4+ 51. Kg3
Kg8 52. Kf3 Rc4 53. f6 Rb4 54. Ke3 Rg4 55. Ra5 Kh7 56. Kf3 Rg1
57. Kf4 Kg6 58. Ra8 Rf1+ 59. Ke5 Rf5+ 60. Ke4 Kxg5 61. Ke3 Rf4
62. Ra7 Rxf6 63. Rxa4 Rf1 64. Rb4 f6 65. Ra4 f5 66. Ke2 Rf4
1/2-1/2

[Event "Beautiful Minds"]
[Site "Munich GER"]
[Date "2016.11.27"]
[EventDate "2016.11.26"]
[Round "7.2"]
[Result "1/2-1/2"]
[White "Anna Muzychuk"]
[Black "Gerald Hertneck"]
[WhiteElo "2561"]
[BlackElo "2478"]
[PlyCount "85"]

1. e4 e6 2. d4 d5 3. Nc3 Bb4 4. e5 Ne7 5. a3 Bxc3+ 6. bxc3 c5
7. Qg4 O-O 8. Bd3 Nbc6 9. Bg5 Qa5 10. Ne2 Ng6 11. O-O c4
12. Bxg6 fxg6 13. a4 Qc7 14. Bc1 Qf7 15. Ba3 Qf5 16. Qxf5 Rxf5
17. Bd6 b6 18. g4 Rf7 19. f4 Bd7 20. Kg2 Na5 21. Bb4 Nc6
22. a5 Nxb4 23. cxb4 b5 24. Rf3 Kf8 25. Nc3 Ke7 26. Raf1 Raf8
27. Nd1 g5 28. fxg5 Rxf3 29. Rxf3 Rxf3 30. Kxf3 Be8 31. Ne3
Bg6 32. Kf4 a6 33. h4 Be4 34. g6 Bxg6 35. h5 Be4 36. g5 g6
37. h6 Bf5 38. Kg3 Kd7 39. Kf2 Ke7 40. Ke1 Kd7 41. c3 Ke7
42. Kf2 Kd7 43. Kf3 1/2-1/2

[Event "Beautiful Minds"]
[Site "Munich GER"]
[Date "2016.11.27"]
[EventDate "2016.11.26"]
[Round "8.6"]
[Result "1/2-1/2"]
[White "Francisco Vallejo Pons"]
[Black "Anna Muzychuk"]
[WhiteElo "2716"]
[BlackElo "2561"]
[PlyCount "147"]

1. e4 e5 2. Nf3 Nc6 3. Bb5 a6 4. Ba4 Nf6 5. d3 Bc5 6. Bxc6
dxc6 7. Nbd2 Be6 8. Qe2 Nd7 9. Nb3 Bb6 10. Be3 Qe7 11. Bxb6
Nxb6 12. O-O f6 13. Qe3 Na4 14. Rfb1 c5 15. Na5 b6 16. Nc4 O-O
17. Ncd2 Rfd8 18. Nf1 Qf7 19. c4 b5 20. b3 Nc3 21. Rb2 Qd7
22. Rd2 Qd6 23. Rc1 b4 24. h3 a5 25. a4 Rd7 26. Ng3 Rad8
27. Ne2 Nxe2+ 28. Qxe2 Qe7 29. Ne1 Qd6 30. Nc2 Qe7 31. Ne3 Rd4
32. Rcd1 Qd7 33. Nd5 Qd6 34. Kf1 Kh8 35. Ne3 Qd7 36. Qf3 Kg8
37. Ke1 Qe8 38. Nc2 R4d7 39. Ne3 Rd4 40. Nd5 Qd7 41. Qg3 Kh8
42. Ne3 Qe7 43. Qf3 Qd7 44. Nd5 Qd6 45. Ne3 Qd7 46. Nc2 Rd6
47. Qe3 Qc6 48. g4 R6d7 49. Ke2 Qd6 50. Rg1 Qe7 51. Ne1 g5
52. f3 Qf8 53. Rh1 h6 54. h4 Rh7 55. Kd1 Rdd7 56. Rdh2 Kg8
57. Ke2 Qd6 58. Nc2 Kh8 59. Kd2 Kg8 60. Ke2 Kh8 61. hxg5 hxg5
62. Rh6 Qf8 63. R6h2 Rxh2+ 64. Rxh2+ Rh7 65. Qg1 Qd6 66. Rxh7+
Kxh7 67. Qh2+ Kg7 68. Qf2 Kf7 69. Qe3 Ke7 70. Kd2 Kf7 71. Qf2
Kg7 72. Qg1 Kf7 73. Qa1 Kg7 74. Qg1 1/2-1/2

[Event "Beautiful Minds"]
[Site "Munich GER"]
[Date "2016.11.27"]
[EventDate "2016.11.26"]
[Round "9.1"]
[Result "1/2-1/2"]
[White "Anna Muzychuk"]
[Black "Nigel Short"]
[WhiteElo "2561"]
[BlackElo "2679"]
[PlyCount "97"]

1. e4 e6 2. d4 d5 3. Nc3 Nf6 4. Bg5 dxe4 5. Nxe4 Be7 6. Bxf6
gxf6 7. Nf3 f5 8. Nc3 a6 9. Qe2 b5 10. O-O-O b4 11. Na4 Qd5
12. b3 Bb7 13. Qe3 Nd7 14. Bc4 Qe4 15. Qd2 O-O-O 16. h3 Bd6
17. Kb1 Rdg8 18. Ng5 Rxg5 19. Qxg5 Qxg2 20. Rhg1 Qxg5 21. Rxg5
Kd8 22. d5 e5 23. Rxf5 Ke7 24. Re1 Kf8 25. Rg1 h6 26. c3 a5
27. Bb5 Bc8 28. c4 e4 29. Bxd7 Bxd7 30. Rh5 f5 31. c5 Bf4
32. c6 Bc8 33. Nc5 Kf7 34. Rh4 Be5 35. Nd7 Bd6 36. Rh5 Bxd7
37. cxd7 f4 38. Rxh6 Rd8 39. Re6 Rxd7 40. Rxe4 Rd8 41. Rg4 Rh8
42. h4 Rh5 43. Rgxf4+ Bxf4 44. Rxf4+ Ke7 45. Rd4 Kd6 46. Kc2
Rf5 47. Rd2 Rf4 48. h5 Rh4 49. Kb2 1/2-1/2

[Event "Beautiful Minds"]
[Site "Munich GER"]
[Date "2016.11.27"]
[EventDate "2016.11.26"]
[Round "10.6"]
[Result "1-0"]
[White "Anna Muzychuk"]
[Black "Sabrina Vega Gutierrez"]
[WhiteElo "2561"]
[BlackElo "2409"]
[PlyCount "53"]

1. e4 c5 2. Nf3 Nc6 3. Nc3 Nf6 4. Bb5 g6 5. O-O Bg7 6. e5 Ng4
7. Bxc6 dxc6 8. Re1 Nh6 9. d3 O-O 10. Ne4 b6 11. Bf4 Bg4
12. h3 Bxf3 13. Qxf3 Nf5 14. c3 f6 15. Nd2 Qd5 16. g4 Nh6
17. exf6 exf6 18. Re7 Qxf3 19. Nxf3 Nf7 20. Rae1 Rfd8 21. d4
c4 22. Rb7 Bf8 23. Re6 Bd6 24. Rxf6 Bxf4 25. Rfxf7 g5 26. Rg7+
Kf8 27. Rxh7 1-0

[Event "Beautiful Minds"]
[Site "Munich GER"]
[Date "2016.11.27"]
[EventDate "2016.11.26"]
[Round "11.2"]
[Result "1/2-1/2"]
[White "Michael Bezold"]
[Black "Anna Muzychuk"]
[WhiteElo "2502"]
[BlackElo "2561"]
[PlyCount "55"]

1. c4 f5 2. g3 Nf6 3. Bg2 g6 4. Nc3 Bg7 5. Nf3 d6 6. O-O e5
7. d3 Nc6 8. Rb1 O-O 9. b4 h6 10. b5 Ne7 11. a4 g5 12. c5 Be6
13. Ba3 Rc8 14. Qd2 b6 15. cxd6 cxd6 16. Rfc1 Qd7 17. Nd1 Rxc1
18. Rxc1 Rc8 19. Rxc8+ Nxc8 20. Qc2 Ne8 21. e4 Qc7 22. Qxc7
Nxc7 23. exf5 Bxf5 24. Bf1 Be6 25. Nd2 d5 26. Ne3 Kf7 27. Be2
Kg6 28. Kf1 1/2-1/2

[Event "World Rapid Championship (Women)"]
[Site "Doha QAT"]
[Date "2016.12.28"]
[EventDate "2016.12.26"]
[Round "9.1"]
[Result "1/2-1/2"]
[White "Anna Muzychuk"]
[Black "Sarasadat Khademalsharieh"]
[WhiteElo "2558"]
[BlackElo "2438"]
[PlyCount "83"]

1. e4 e5 2. Nf3 Nc6 3. Nc3 Nf6 4. Bb5 Bc5 5. O-O O-O 6. Nxe5
Nxe5 7. d4 Bd6 8. dxe5 Bxe5 9. Bd3 Bxc3 10. bxc3 Qe7 11. Bg5
d6 12. f4 Qe6 13. Qf3 Nd7 14. Rae1 Nc5 15. e5 Nxd3 16. cxd3
dxe5 17. fxe5 Bd7 18. d4 Bc6 19. Qg3 Qg6 20. c4 Be4 21. Rf4
Bd3 22. d5 f6 23. exf6 gxf6 24. Re6 Bf5 25. Rxf6 Rxf6 26. Bxf6
Qxg3 27. hxg3 Bd7 28. c5 Re8 29. Kf2 h5 30. a4 Bg4 31. d6 cxd6
32. cxd6 Re2+ 33. Kf1 Rd2 34. Be7 Bd7 35. Rc4 Bc6 36. Ke1 Rd5
37. g4 hxg4 38. Rxg4+ Kf7 39. Rf4+ Ke6 40. g4 Ra5 41. g5 Rxa4
42. Rxa4 1/2-1/2

[Event "World Rapid Championship (Women)"]
[Site "Doha QAT"]
[Date "2016.12.28"]
[EventDate "2016.12.26"]
[Round "10.1"]
[Result "0-1"]
[White "Valentina Gunina"]
[Black "Anna Muzychuk"]
[WhiteElo "2525"]
[BlackElo "2558"]
[PlyCount "130"]

1. d4 d5 2. c4 c6 3. Nf3 Nf6 4. e3 Bg4 5. Nc3 e6 6. h3 Bxf3
7. Qxf3 Nbd7 8. Bd2 Bd6 9. cxd5 exd5 10. g4 Nf8 11. Bd3 Ne6
12. O-O-O Qe7 13. h4 O-O-O 14. g5 Nd7 15. Kb1 g6 16. Rhe1 f5
17. Qg2 Kb8 18. f3 Qf7 19. Qg1 Bc7 20. e4 dxe4 21. fxe4 Nxd4
22. Rf1 Ne5 23. Be3 Nef3 24. Qh1 Ne5 25. Qg1 Nef3 26. Qg2 Ne5
27. Nd5 cxd5 28. Bxd4 Nxd3 29. Bxh8 dxe4 30. Qxe4 fxe4
31. Rxf7 Rxh8 32. Rdf1 Bd6 33. Kc2 Ne5 34. R7f6 Rc8+ 35. Kd1
Rc6 36. Re1 Ng4 37. Rf7 Rc7 38. Rxc7 Kxc7 39. Ke2 Kd7 40. Rd1
Ke6 41. Rd4 Ke5 42. Rc4 h6 43. Rc8 hxg5 44. hxg5 Kd5 45. Rg8
Ne5 46. Rg7 b5 47. Rxa7 Nd3 48. Rb7 b4 49. b3 Nf4+ 50. Ke3 Ne6
51. Rd7 Nxg5 52. Rg7 Bc5+ 53. Kd2 Nf3+ 54. Kd1 Ne5 55. Ke2 Nd3
56. Rf7 Ke5 57. Rc7 Nf4+ 58. Ke1 Bd4 59. Re7+ Kf5 60. Rd7 Be3
61. Rb7 Kg4 62. Kd1 Kf3 63. Rxb4 Bf2 64. a4 g5 65. a5 e3 0-1

[Event "World Rapid Championship (Women)"]
[Site "Doha QAT"]
[Date "2016.12.28"]
[EventDate "2016.12.26"]
[Round "12.1"]
[Result "1/2-1/2"]
[White "Anna Muzychuk"]
[Black "Ju Wenjun"]
[WhiteElo "2558"]
[BlackElo "2579"]
[PlyCount "29"]

1. e4 e5 2. Nf3 Nf6 3. Nc3 Bb4 4. Nxe5 O-O 5. Nd3 Bxc3 6. dxc3
Nxe4 7. Be2 d6 8. O-O Nd7 9. f3 Nec5 10. Be3 Re8 11. Bxc5 Nxc5
12. Nxc5 dxc5 13. Qxd8 Rxd8 14. Rad1 Be6 15. a3 1/2-1/2

[Event "World Blitz Championship (Women)"]
[Site "Doha QAT"]
[Date "2016.12.29"]
[EventDate "2016.12.29"]
[Round "1.1"]
[Result "1/2-1/2"]
[White "Anna Muzychuk"]
[Black "Lela Javakhishvili"]
[WhiteElo "2558"]
[BlackElo "2461"]
[PlyCount "189"]

1. e4 c5 2. Nf3 Nc6 3. Bb5 e6 4. O-O Nge7 5. d4 cxd4 6. Nxd4
Qb6 7. Nxc6 bxc6 8. Bd3 Ng6 9. c4 Be7 10. Nc3 O-O 11. Na4 Qc7
12. c5 d5 13. cxd6 Bxd6 14. g3 Rd8 15. Qc2 c5 16. Be3 Ne5
17. Be2 Bb7 18. Nxc5 Bxc5 19. Bxc5 Bxe4 20. Qxe4 Qxc5 21. Rfd1
g6 22. b4 Qc7 23. Rac1 Rxd1+ 24. Rxd1 Rb8 25. a3 Nd7 26. Qd4
Nb6 27. Qc5 Rc8 28. Qd4 Nd5 29. Bf3 Nc3 30. Rd3 Nb5 31. Qe3
Nd6 32. Kg2 Nf5 33. Qd2 h5 34. Rd7 Qb6 35. Qb2 Rd8 36. Rb7 Qa6
37. Qf6 Rf8 38. Bd5 Qd6 39. Be4 a6 40. Bxf5 Qd5+ 41. Be4 Qxe4+
42. Qf3 Qxf3+ 43. Kxf3 Rc8 44. a4 Rc3+ 45. Ke4 Ra3 46. a5 Ra2
47. Rb6 Rb2 48. Kd4 g5 49. Kc5 Rxf2 50. Rxa6 h4 51. gxh4 g4
52. Ra8+ Kg7 53. a6 Rxh2 54. a7 Ra2 55. Kb6 g3 56. Rc8 f5
57. a8=Q Rxa8 58. Rxa8 g2 59. Ra1 f4 60. Kc7 f3 61. Rg1 Kf6
62. b5 f2 63. Rxg2 f1=Q 64. Rg5 Qc4+ 65. Kb7 Qxh4 66. Rc5 Qd4
67. Rc6 Qd7+ 68. Ka6 Kf5 69. Rc5+ e5 70. b6 Qa4+ 71. Ra5 Qc4+
72. Ka7 Qd4 73. Ka6 Qd6 74. Ka7 Qd2 75. Ka6 Qd3+ 76. Ka7 Qd4
77. Ka6 Qc4+ 78. Ka7 Qc3 79. Ka6 Kf4 80. b7 Qc7 81. Rb5 Qb8
82. Rc5 Qd6+ 83. Kb5 e4 84. Rc8 Qd7+ 85. Kb6 Qd4+ 86. Kb5 Qb2+
87. Ka6 Qa3+ 88. Kb6 Qb4+ 89. Ka6 Qa4+ 90. Kb6 Qb4+ 91. Ka6 e3
92. b8=Q+ Qxb8 93. Rxb8 e2 94. Re8 Kf3 95. Rxe2 1/2-1/2

[Event "World Blitz Championship (Women)"]
[Site "Doha QAT"]
[Date "2016.12.29"]
[EventDate "2016.12.29"]
[Round "2.7"]
[Result "1/2-1/2"]
[White "Dinara Saduakassova"]
[Black "Anna Muzychuk"]
[WhiteElo "2428"]
[BlackElo "2558"]
[PlyCount "156"]

1. d4 Nf6 2. c4 g6 3. g3 Bg7 4. Bg2 O-O 5. Nc3 c5 6. dxc5 Na6
7. Nf3 Nxc5 8. O-O d6 9. Be3 a6 10. Rc1 Bd7 11. b4 Nce4
12. Nxe4 Nxe4 13. Bd4 Nf6 14. Qb3 Bc6 15. Rfd1 Qd7 16. Qb2
Rac8 17. Bb6 Ba4 18. Re1 Ng4 19. Qa3 Bc6 20. Red1 Ne5 21. c5
Nxf3+ 22. Bxf3 Bxf3 23. Qxf3 Qb5 24. Qe3 Qxb4 25. Rb1 Qa4
26. cxd6 exd6 27. Qb3 Qe4 28. Be3 b5 29. Rxd6 Rc3 30. Qd1 Rxe3
31. fxe3 Qxe3+ 32. Kf1 Qe4 33. Kg1 Bh6 34. h3 Be3+ 35. Kh2 Re8
36. Rd8 Kg7 37. Rxe8 Qxe8 38. Qd3 Qe5 39. Rf1 Bd4 40. Qf3 f5
41. Qb7+ Kh6 42. Qf3 Be3 43. Rd1 a5 44. Kg2 b4 45. Rd3 Bc1
46. Rd1 Be3 47. Rd5 Qe6 48. Rxa5 Bd2 49. Rd5 Bc3 50. Rd3 Be5
51. Qe3+ Kg7 52. Qa7+ Kh6 53. Rd7 Qc6+ 54. Kg1 Qc1+ 55. Kg2
Qc6+ 56. Kg1 Qc1+ 57. Kf2 Qc3 58. Qe3+ Qxe3+ 59. Kxe3 Bxg3
60. Rb7 Be1 61. Kf3 Bc3 62. e4 fxe4+ 63. Kxe4 Bd2 64. Kd5 Bc3
65. Ke6 Bd2 66. Kf7 Kg5 67. Kg8 h5 68. Kh7 Kf5 69. Rb5+ Kf6
70. Rb6+ Kg5 71. Rxg6+ Kh4 72. Rg2 Bc3 73. Kg6 Kxh3 74. Rc2 h4
75. a3 bxa3 76. Rxc3+ Kg2 77. Rxa3 h3 78. Rxh3 Kxh3 1/2-1/2

[Event "World Blitz Championship (Women)"]
[Site "Doha QAT"]
[Date "2016.12.29"]
[EventDate "2016.12.29"]
[Round "3.6"]
[Result "1/2-1/2"]
[White "Anna Muzychuk"]
[Black "Aleksandra Goryachkina"]
[WhiteElo "2558"]
[BlackElo "2466"]
[PlyCount "97"]

1. e4 e6 2. d4 d5 3. exd5 exd5 4. Nf3 Nf6 5. Bd3 Bd6 6. Qe2+
Qe7 7. Qxe7+ Bxe7 8. Bf4 c6 9. h3 O-O 10. O-O h6 11. Re1 Re8
12. Nbd2 Be6 13. c3 Nbd7 14. Nb3 b6 15. a4 a5 16. Ne5 Nxe5
17. dxe5 Nd7 18. Nd4 Nc5 19. Bf1 Bd7 20. Be3 Rab8 21. f4 Ne6
22. g4 c5 23. Nb5 Red8 24. Red1 Bxb5 25. Bxb5 d4 26. Bd2 g5
27. f5 Nf4 28. Bxf4 gxf4 29. f6 Bf8 30. c4 Rbc8 31. Ra3 h5
32. g5 Kh7 33. Rf3 Kg6 34. Rxf4 Kxg5 35. Rdf1 d3 36. h4+ Kg6
37. Kf2 Rd4 38. Rg1+ Kh6 39. Rxd4 cxd4 40. Ke1 Bb4+ 41. Kd1
Rc5 42. Rg5 d2 43. b3 d3 44. Be8 Bc3 45. Bxf7 Rxe5 46. Rg6+
Kh7 47. Rg7+ Kh6 48. Rg6+ Kh7 49. Rg7+ 1/2-1/2

[Event "World Blitz Championship (Women)"]
[Site "Doha QAT"]
[Date "2016.12.29"]
[EventDate "2016.12.29"]
[Round "5.5"]
[Result "0-1"]
[White "Anna Muzychuk"]
[Black "Kateryna Lahno"]
[WhiteElo "2558"]
[BlackElo "2530"]
[PlyCount "56"]

1. e4 e5 2. Nf3 Nc6 3. Nc3 Nf6 4. Bb5 Bd6 5. O-O O-O 6. d3 a6
7. Ba4 h6 8. a3 b5 9. Bb3 Bc5 10. Nd5 d6 11. c3 Ba7 12. h3 Be6
13. Re1 Bxd5 14. exd5 Ne7 15. d4 exd4 16. Nxd4 Qd7 17. Nc2
Rfe8 18. Be3 Bxe3 19. Nxe3 Nf5 20. Qf3 Nxe3 21. Rxe3 Rxe3
22. Qxe3 Re8 23. Qd3 Re5 24. a4 g6 25. axb5 axb5 26. Kh2 Qe7
27. Qxb5 Re2 28. Bd1 Qe5+ 0-1

[Event "World Blitz Championship (Women)"]
[Site "Doha QAT"]
[Date "2016.12.29"]
[EventDate "2016.12.29"]
[Round "6.7"]
[Result "0-1"]
[White "Alina Kashlinskaya"]
[Black "Anna Muzychuk"]
[WhiteElo "2429"]
[BlackElo "2558"]
[PlyCount "136"]

1. d4 Nf6 2. c4 g6 3. Nf3 Bg7 4. g3 O-O 5. Bg2 c5 6. Nc3 cxd4
7. Nxd4 Qc7 8. Nd5 Nxd5 9. cxd5 d6 10. O-O Qb6 11. Nb3 Qa6
12. Be3 Bxb2 13. Rb1 Bg7 14. Qd2 Nd7 15. Bd4 Ne5 16. Rfc1 Bf5
17. e4 Bg4 18. Qe3 Rac8 19. h3 Bd7 20. f4 Nc4 21. Qf2 Na3
22. Ra1 Bxd4 23. Nxd4 Qd3 24. Rd1 Qc3 25. e5 Ba4 26. Re1 Nc2
27. Nxc2 Qxc2 28. Re2 Qc5 29. Re3 Qd4 30. Rae1 Rc2 31. R1e2
Rfc8 32. exd6 Rxe2 33. Rxe2 Rc1+ 34. Kh2 Qxf2 35. Rxf2 exd6
36. Rb2 b6 37. Be4 f5 38. Bd3 Rd1 39. Be2 Rc1 40. Bd3 Kg7
41. Kg2 Rd1 42. Bc4 Rd4 43. Bb3 Bxb3 44. axb3 Rxd5 45. b4 Rb5
46. Ra2 a5 47. bxa5 bxa5 48. Rc2 Kf6 49. Rc7 h5 50. Rd7 Ke6
51. Rg7 a4 52. Rxg6+ Kd5 53. Rf6 a3 54. Rxf5+ Kc4 55. Rf8 Ra5
56. Rc8+ Kd3 57. Rc1 a2 58. g4 hxg4 59. hxg4 a1=Q 60. Rxa1
Rxa1 61. f5 Ke4 62. Kg3 Rg1+ 63. Kh4 Kf4 64. Kh5 Rxg4 65. f6
Rg8 66. f7 Rf8 67. Kg6 d5 68. Kg7 Rxf7+ 0-1

[Event "World Blitz Championship (Women)"]
[Site "Doha QAT"]
[Date "2016.12.29"]
[EventDate "2016.12.29"]
[Round "7.5"]
[Result "1-0"]
[White "Anna Muzychuk"]
[Black "Zhao Xue"]
[WhiteElo "2558"]
[BlackElo "2504"]
[PlyCount "59"]

1. e4 Nc6 2. Nf3 d5 3. exd5 Qxd5 4. Nc3 Qa5 5. d4 Bg4 6. Bb5
O-O-O 7. Bxc6 bxc6 8. h3 Qh5 9. Be3 Bxf3 10. gxf3 e5 11. Qe2
exd4 12. Qa6+ Kb8 13. O-O-O Qc5 14. Qa4 Qb4 15. Qxc6 Ne7
16. Qe4 f5 17. Qh4 c5 18. Bg5 Ng6 19. Qh5 Rd7 20. a3 Qc4
21. Rhe1 Bd6 22. Ne2 Qa2 23. Rd3 Kc7 24. Rb3 c4 25. Rb5 a6
26. Nxd4 axb5 27. f4 Rb8 28. Qf3 Qa1+ 29. Kd2 Qxb2 30. Qc6#
1-0

[Event "World Blitz Championship (Women)"]
[Site "Doha QAT"]
[Date "2016.12.29"]
[EventDate "2016.12.29"]
[Round "8.4"]
[Result "0-1"]
[White "Zhansaya Abdumalik"]
[Black "Anna Muzychuk"]
[WhiteElo "2405"]
[BlackElo "2558"]
[PlyCount "117"]

1. e4 d5 2. exd5 Nf6 3. d4 Bg4 4. Be2 Bxe2 5. Nxe2 Nxd5 6. c4
Nf6 7. Nbc3 e6 8. O-O Be7 9. Re1 O-O 10. Qb3 b6 11. Bf4 Nc6
12. Rad1 Qd7 13. Qa4 Na5 14. Qxd7 Nxd7 15. b3 c6 16. Rd3 Rfd8
17. Red1 Rac8 18. h3 h6 19. Kf1 a6 20. d5 cxd5 21. cxd5 e5
22. d6 Bf8 23. Bg3 Nc6 24. f4 Nc5 25. R3d2 exf4 26. Bxf4 Kh7
27. d7 Ra8 28. Bc7 b5 29. Bxd8 Rxd8 30. Ng3 Ne5 31. Nge4 Ncxd7
32. Ne2 Re8 33. Nd6 Re6 34. Kg1 Nc5 35. b4 Ncd3 36. Nf5 Bxb4
37. Nfd4 Bxd2 38. Nxe6 Be3+ 39. Kh2 fxe6 40. Rf1 Kg6 41. Rf8
Bc5 42. Ra8 Nb4 43. a3 Nc2 44. Rxa6 Nxa3 45. Nf4+ Kf7 46. Nxe6
Be7 47. Nd4 b4 48. Rb6 Nac4 49. Rb7 Kf6 50. g4 Bc5 51. Nc2 Nd3
52. Kg3 Bd6+ 53. Kf3 Na3 54. Nd4 Nc4 55. Nf5 Bf8 56. Ke4 Nc5+
57. Kd5 Nxb7 58. Kxc4 Nd6+ 59. Kd4 0-1

[Event "World Blitz Championship (Women)"]
[Site "Doha QAT"]
[Date "2016.12.29"]
[EventDate "2016.12.29"]
[Round "9.2"]
[Result "1-0"]
[White "Anna Muzychuk"]
[Black "Dronavalli Harika"]
[WhiteElo "2558"]
[BlackElo "2543"]
[PlyCount "109"]

1. e4 c5 2. Nf3 Nc6 3. Bb5 g6 4. O-O Bg7 5. Nc3 e5 6. Bc4 h6
7. a3 Nge7 8. b4 d6 9. d3 O-O 10. bxc5 dxc5 11. Nd5 Kh7
12. Rb1 b6 13. Re1 Be6 14. Nxe7 Qxe7 15. Bxe6 Qxe6 16. Nd2
Rad8 17. Nc4 f5 18. exf5 gxf5 19. a4 Rg8 20. a5 bxa5 21. Ba3
e4 22. Qh5 Rd7 23. dxe4 fxe4 24. Ne3 Bd4 25. Bxc5 Bxe3
26. Bxe3 Rdg7 27. g3 Ne5 28. Kg2 Nf3 29. Red1 Rf8 30. Rb5 Rgf7
31. Rxa5 Qg6 32. Qxg6+ Kxg6 33. Rd6+ Kh7 34. Rxh6+ Kg8
35. Rxa7 Rxa7 36. Bxa7 Rc8 37. Re6 Rc4 38. h4 Kf7 39. Ra6 Rxc2
40. h5 Ne5 41. Ra4 Re2 42. Kf1 Rc2 43. Rxe4 Nd3 44. Kg2 Rc1
45. Be3 Rb1 46. h6 Ne1+ 47. Kh3 Nd3 48. Kg4 Kg6 49. Re6+ Kf7
50. Rd6 Ne5+ 51. Kf5 Ng6 52. Rd7+ Ne7+ 53. Rxe7+ Kxe7 54. Kg6
Kf8 55. Bc5+ 1-0

[Event "World Blitz Championship (Women)"]
[Site "Doha QAT"]
[Date "2016.12.30"]
[EventDate "2016.12.29"]
[Round "10.2"]
[Result "1/2-1/2"]
[White "Anna Muzychuk"]
[Black "Ju Wenjun"]
[WhiteElo "2558"]
[BlackElo "2579"]
[PlyCount "99"]

1. e4 e5 2. Nf3 Nf6 3. Nxe5 d6 4. Nf3 Nxe4 5. c4 Nc6 6. d3 Nf6
7. d4 d5 8. c5 Bg4 9. Bb5 Be7 10. Bxc6+ bxc6 11. Qa4 Bd7
12. Ne5 O-O 13. O-O Ng4 14. Nxg4 Bxg4 15. Qxc6 Bf6 16. Nc3
Bxd4 17. Nxd5 Rb8 18. Be3 Bxb2 19. Rab1 Bf5 20. Rbd1 Be4
21. Bf4 Rc8 22. Rfe1 Re8 23. f3 Bxd5 24. Rxe8+ Qxe8 25. Qxe8+
Rxe8 26. Rxd5 c6 27. Rd6 Rc8 28. Rd7 a5 29. Bd6 a4 30. Ra7 a3
31. Kf2 g6 32. Ke3 Kg7 33. Kd3 Kf6 34. Be7+ Ke6 35. Bd6 h5
36. h3 Kf6 37. Ra4 Re8 38. Ra6 Rc8 39. Ke4 Re8+ 40. Kd3 Rc8
41. g4 hxg4 42. hxg4 Ke6 43. Ra7 f5 44. Kc4 fxg4 45. fxg4 Kf6
46. Be7+ Ke5 47. Bd6+ Kf6 48. Be7+ Ke6 49. Bd6 Kf6 50. Be7+
1/2-1/2

[Event "World Blitz Championship (Women)"]
[Site "Doha QAT"]
[Date "2016.12.30"]
[EventDate "2016.12.29"]
[Round "12.4"]
[Result "1/2-1/2"]
[White "Anna Muzychuk"]
[Black "Valentina Gunina"]
[WhiteElo "2558"]
[BlackElo "2525"]
[PlyCount "68"]

1. e4 c6 2. d4 d5 3. Nc3 dxe4 4. Nxe4 Bf5 5. Ng3 Bg6 6. Nf3
Nf6 7. Bd3 e6 8. O-O Be7 9. Re1 O-O 10. Bxg6 hxg6 11. Bg5 Nbd7
12. c4 Qa5 13. a3 Rad8 14. b4 Qc7 15. Qe2 Rfe8 16. Rad1 a5
17. Rb1 axb4 18. axb4 Nf8 19. Ne4 Nxe4 20. Qxe4 Nh7 21. Bxe7
Qxe7 22. b5 Nf6 23. Qh4 c5 24. Rbd1 cxd4 25. Rxd4 Rxd4
26. Qxd4 Rd8 27. Qb6 Rd6 28. Qa5 b6 29. Qa8+ Rd8 30. Qc6 Rd6
31. Qc8+ Rd8 32. Qc6 Rd6 33. Qc8+ Rd8 34. Qc6 Rd6 1/2-1/2

[Event "World Blitz Championship (Women)"]
[Site "Doha QAT"]
[Date "2016.12.30"]
[EventDate "2016.12.29"]
[Round "13.3"]
[Result "0-1"]
[White "Koneru Humpy"]
[Black "Anna Muzychuk"]
[WhiteElo "2557"]
[BlackElo "2558"]
[PlyCount "50"]

1. d4 Nf6 2. c4 g6 3. g3 Bg7 4. Bg2 c5 5. Nf3 cxd4 6. Nxd4 Qc7
7. b3 d5 8. cxd5 Nxd5 9. O-O Qc5 10. Bb2 O-O 11. Qd2 Nc6
12. Rc1 Qb4 13. Qxb4 Ndxb4 14. Rd1 Rd8 15. Bxc6 bxc6 16. Na3
c5 17. Ndb5 Rxd1+ 18. Rxd1 Bxb2 19. Rd8+ Kg7 20. Nc4 Bf6
21. Nc7 Rb8 22. Ne8+ Kh6 23. Na5 Rb5 24. Rxc8 Rxa5 25. Nxf6
exf6 0-1

[Event "World Blitz Championship (Women)"]
[Site "Doha QAT"]
[Date "2016.12.30"]
[EventDate "2016.12.29"]
[Round "15.1"]
[Result "1-0"]
[White "Anna Muzychuk"]
[Black "Daria Charochkina"]
[WhiteElo "2558"]
[BlackElo "2383"]
[PlyCount "57"]

1. e4 c6 2. d4 d5 3. Nc3 dxe4 4. Nxe4 Bf5 5. Ng3 Bg6 6. Nf3
Nd7 7. Bd3 Qc7 8. O-O Ngf6 9. Re1 e6 10. c4 Bd6 11. Nf5 Bxf5
12. Bxf5 O-O-O 13. Bd3 e5 14. c5 Be7 15. Nxe5 Nxe5 16. Rxe5
Nd5 17. Be3 Nxe3 18. fxe3 Bf6 19. Re4 Rhe8 20. Qg4+ Kb8 21. b4
h5 22. Qf3 Qd7 23. Rb1 a6 24. a4 Rxe4 25. Bxe4 Re8 26. b5 Qe6
27. Qf4+ Ka8 28. bxc6 bxc6 29. Qc7 1-0

[Event "World Blitz Championship (Women)"]
[Site "Doha QAT"]
[Date "2016.12.30"]
[EventDate "2016.12.29"]
[Round "16.1"]
[Result "1-0"]
[White "Anna Muzychuk"]
[Black "Elisabeth Paehtz"]
[WhiteElo "2558"]
[BlackElo "2463"]
[PlyCount "67"]

1. e4 c6 2. d4 g6 3. Nc3 Bg7 4. Nf3 d5 5. Bd3 dxe4 6. Nxe4 Nf6
7. O-O O-O 8. c3 Nbd7 9. Re1 Nxe4 10. Bxe4 Nf6 11. Bc2 Qd6
12. Ne5 Be6 13. Bf4 Qd8 14. h3 Nd7 15. Nd3 Bf5 16. Bg5 Nf6
17. Bb3 h6 18. Bh4 g5 19. Bg3 e6 20. Ne5 a5 21. a4 Qb6 22. Nc4
Qa7 23. Nd6 Bg6 24. Be5 Rad8 25. Qf3 Nd5 26. Nc4 f6 27. Bg3
Rfe8 28. Re2 Bf7 29. Nd6 Re7 30. Nxf7 Kxf7 31. Rae1 Qb6
32. Bc2 Rde8 33. Bd6 Rd7 34. Qh5+ 1-0